000 00803nam a2200205Ii 4500
003 JO-AjNU
008 230605s9999||||xx |||||||||||||| ||und||
017 _a1975/2130
040 _aJO-AjNU
_bara
_erda
_cJO-AjNU
041 _aara
050 1 4 _aGv211.v3 1974
100 3 _aتحرير الاتحاد الامريكي للصحة والتربية البدنية والترويج؛ ترجمة فضالي، محمد محمد,
_eauthor
_937360
245 0 0 _aالتربية البدنية ... معرفتها وتفهم أبعادها
264 3 1 _aالقاهرة: دار نهضة مصر للطبع والنشر، 1974
300 _a177ص
336 _atext
_btxt
_2rdacontent
337 _aunmediated
_bn
_2rdamedia
338 _avolume
_bnc
_2rdacarrier
650 4 _aالتربية البدنية
_937361
999 _aA15603
_c19171
_d19171